| 000 | 01291nam a22003377a 4500 | ||
|---|---|---|---|
| 003 | AR-FvUNAJ | ||
| 005 | 20231003172638.0 | ||
| 008 | 231003b ||||| |||| 00| 0 spa d | ||
| 040 | _cAR-FvUNAJ | ||
| 082 | 1 | 4 |
_214 _a302 |
| 100 | 1 |
_918939 _aLewin, Kurt |
|
| 245 | 1 | 3 |
_aLa teoría del campo en la ciencia social / _cKurt Lewin. |
| 250 | _a1a ed. | ||
| 260 |
_aBuenos Aires : _bPaidós, _c1978. |
||
| 300 |
_a308 p. _bil. |
||
| 440 |
_918941 _aPsicologías del Siglo XX _v35 |
||
| 504 | _aIncluye referencias bibliográficas (p. 270-275) | ||
| 505 | 2 | _tI. Formalización y progreso en psicología. | |
| 505 | 2 | _tII. Los constructos en la teoría del campo. | |
| 505 | 2 | _tIII. Definición de "el campo en un momento dado". | |
| 505 | 2 | _tIV. La teoría del campo y el aprendizaje. | |
| 505 | 2 | _tV. Regresión, retrogresión y desarrollo. | |
| 505 | 2 | _tVI. La teoría del campo y la experimentación en psicología social. | |
| 505 | 2 | _tVII. Problemas de investigación en psicología social. | |
| 505 | 2 | _tVIII. Ecología psicológica. | |
| 505 | 2 | _tIX. Las fronteras en la dinámica de grupo. | |
| 505 | 2 | _tX. Conducta y desarrollo como funciones de la situación social. | |
| 650 | 2 | 7 |
_9667 _aPSICOLOGIA SOCIAL |
| 650 | 2 | 4 |
_918942 _aTEORÍA DEL CAMPO |
| 942 |
_2ddc _cLIBRO |
||
| 999 |
_c9642 _d9642 |
||
| 980 |
_621574 _a Carrizo _821574 _g Carrizo |
||